Finančné plánovanie v podniku
Dôležitý nástroj na dosiahnutie cieľa je podnikové plánovanie, ktoré je považované za základnú východiskovú funkciu riadenia. Charakteristika krátkodobého a dlhodobého finančného plánovania a postup tvorby finančného plánu.
Uložené v:
| Hlavný autor: | |
|---|---|
| Médium: | Kapitola |
| Jazyk: | Slovak |
| Predmet: | |
| Tagy: |
Žiadne tagy, Buďte prvý, kto otaguje tento záznam!
|
MARC
| LEADER | 00000nla a2200000 4500 | ||
|---|---|---|---|
| 001 | 0161232 | ||
| 005 | 20221103131451.0 | ||
| 041 | 0 | |a slo | |
| 044 | |a SK | ||
| 245 | 1 | 0 | |a Finančné plánovanie v podniku |c Lenka Mikáčová |
| 520 | |a Dôležitý nástroj na dosiahnutie cieľa je podnikové plánovanie, ktoré je považované za základnú východiskovú funkciu riadenia. Charakteristika krátkodobého a dlhodobého finančného plánovania a postup tvorby finančného plánu. | ||
| 610 | 2 | 0 | |a podnik |
| 610 | 2 | 0 | |a plán podnikový |
| 610 | 2 | 0 | |a plán finančný |
| 610 | 2 | 0 | |a plánovanie finančné |
| 610 | 2 | 0 | |a tvorba kapitálu |
| 610 | 2 | 0 | |a tvorba plánu |
| 610 | 2 | 0 | |a zdroje finančné |
| 100 | 1 | |a Mikáčová, Lenka | |